| 000 | 01394nam a2200313 i 4500 | ||
|---|---|---|---|
| 001 | 196004 | ||
| 003 | ES-MaACL | ||
| 005 | 20250416063106.0 | ||
| 008 | 240809s2023 sp ||||| |||| 00| 0 spa d | ||
| 020 | _a9789945907582 | ||
| 040 |
_aES-MaACL _cES-MaACL |
||
| 245 |
_aMadre de la tierra : _bAntología Internacional de Voces Femeninas por las Defensoras del Medioambiente. |
||
| 260 |
_aRepública Dominicana : _bEditorial Rosado Fucsia, _c2023. |
||
| 300 |
_a157 pág. : _c22 cm. |
||
| 336 |
_2rdacontent _aTexto |
||
| 337 |
_2rdamedia _asin mediación |
||
| 338 |
_2rdacarrier _avolumen |
||
| 490 | _aColección Grito de Mujer | ||
| 520 | _aPoesía escrita por diversas mujeres poetas a nivel internacional rindiendo un homenaje a la madre tierra y a las mujeres activistas que han perdido la vida o sufrido violencia por defender los derechos del Medioambiente. Ellas son las madres de la tierra. | ||
| 655 | 7 |
_2tgfbne _9176539 _aPoesías |
|
| 700 |
_aÁlvarez Moreno, Adriana _eaut _9240047 |
||
| 700 |
_aNarváez Ceballos, Ana Lucía _eaut _9240048 |
||
| 700 |
_aStjelja, Ana _eaut _9240049 |
||
| 852 |
_aES-MaACL _cDEPOJ _jN-9124 _hDonación: Editorial _xEncuadernación rústica _9205033 |
||
| 942 |
_cMONOGRAFIA _n0 |
||
| 999 |
_c196004 _d196004 |
||